LIBRARY & INFORMATION CENTRE, KCAET, TAVANUR

ONLINE PUBLIC ACCESS CATALOGUE (OPAC)

Applicability evaluation of ASIA miniteller with diesel engine at high range zone of Kerala (Record no. 15032)

MARC details
000 -LEADER
fixed length control field 00759nam a22001817a 4500
003 - CONTROL NUMBER IDENTIFIER
control field OSt
088 ## - REPORT NUMBER
Report number P 170
100 ## - MAIN ENTRY--AUTHOR NAME
Personal name AJITH KUMAR P. S
-- GIRISH GOPALAN
245 ## - TITLE STATEMENT
Title Applicability evaluation of ASIA miniteller with diesel engine at high range zone of Kerala
260 ## - PUBLICATION, DISTRIBUTION, ETC. (IMPRINT)
Place of publication Tavanur 2007
Name of publisher Kelappaji College of Agricultural Engineering and Technology
300 ## - PHYSICAL DESCRIPTION
Number of Pages 60
500 ## - GENERAL NOTE
General note Applicability evaluation of ASIA miniteller with diesel engine at high range zone of Kerala
520 ## - SUMMARY, ETC.
Summary, etc Applicability evaluation of ASIA miniteller with diesel engine at high range zone of Kerala
700 ## - ADDED ENTRY--PERSONAL NAME
Personal name Dr. M Sivaswami (Guide)
856 ## - ELECTRONIC LOCATION AND ACCESS
Uniform Resource Identifier https://drive.google.com/open?id=1rKNkzFVDIUNbzGv8lLn0QF-QmyLvJ1OD
942 ## - ADDED ENTRY ELEMENTS (KOHA)
Koha item type Project Report
Holdings
Collection code Home library Current library Shelving location Full call number Accession Number Koha item type
Reference KAUAET KAUAET Reference 631.3 AJI/AP P 170 Project Report
free website counter